[Event "TUR-chT2"]
[Site "Konya"]
[Date "2016.07.19"]
[Round "4.9"]
[White "Tepe, Efe Can"]
[Black "Cakir, Ismail Said"]
[Result "1-0"]
[WhiteElo "1925"]
[BlackElo "1594"]
[PlyCount "85"]
[EventDate "2016.07.17"]
[EventType "team-swiss"]
[EventRounds "9"]
[EventCountry "TUR"]
[SourceTitle "CBM 173 Extra"]
[Source "ChessBase"]
[SourceDate "2016.08.29"]
[SourceVersion "1"]
[SourceVersionDate "2016.08.29"]
[SourceQuality "1"]
[WhiteTeam "Ankara Ego"]
[BlackTeam "Ankara Orta Dogu"]
[WhiteTeamCountry "TUR"]
[BlackTeamCountry "TUR"]

1. e4 c5 2. Nf3 d6 3. Bb5+ Bd7 4. Bxd7+ Qxd7 5. 0-0 Nf6 6. Qe2 Nc6 7. c3 g6 8. d4 cxd4 9. cxd4 Bg7 10. Nc3 0-0 11. Rd1 d5 12. Ne5 Qd8 13. Nxc6 bxc6 14. e5 Ne8 15. Na4 Nc7 16. Nc5 Qc8 17. Be3 f6 18. f4 fxe5 19. fxe5 Rb8 20. b3 Ne6 21. Nxe6 Qxe6 22. Rac1 Rbc8 23. Rc5 Rc7 24. Rdc1 Qd7 25. b4 Rfc8 26. Qc2 a6 27. a4 Rb7 28. b5 axb5 29. axb5 Rbc7 30. Rxc6 Rxc6 31. bxc6 Qe6 32. c7 Kf7 33. Qc6 Qxc6 34. Rxc6 Ke8 35. e6 Bf6 36. Kf2 Kf8 37. Ke2 Ke8 38. Kd3 Kf8 39. Bf4 g5 40. Bg3 h5 41. Rb6 h4 42. Rb8 Rxb8 43. cxb8Q+ 1-0